Servicios tecnológicos universitarios

Uloženo v:
Podrobná bibliografie
Hlavní autoři: Vrsalovic M., Juan (Autor), Muga Naredo, Angel F (Autor), Waissbluth S., Mario (Autor), Schotte, U. W (Autor), Del Río, Arturo (Autor)
Korporativní autor: CINDA (Autor)
Médium: Kniha
Jazyk:španělština
Vydáno: Santiago CINDA 1989
Edice:Serie Manuales I-D, 6
Témata:
Tagy: Přidat tag
Žádné tagy, Buďte první, kdo vytvoří štítek k tomuto záznamu!

MARC

LEADER 00000cam a2200000 a 4500
001 UCX3301
003 CL-VaPUC
008 911024e19890000CL |||||||||||||||||spa|d
082 0 4 |a 602  |b VRS  |2 21 
100 0 |a Vrsalovic M., Juan  |e author  |9 319419 
700 0 |a Muga Naredo, Angel F  |e author  |9 319420 
700 0 |a Waissbluth S., Mario  |e author  |9 319421 
700 0 |a Schotte, U. W  |e author  |9 319422 
700 0 |a Del Río, Arturo  |e author  |9 319423 
110 2 |a CINDA  |e author  |9 319424 
245 1 0 |a Servicios tecnológicos universitarios 
300 |a 130 p 
942 |c BK 
945 |d 19911024 00:00:00 
260 |a Santiago  |b CINDA  |c 1989 
650 0 |a Tecnología  |9 256742 
650 7 |a INNOVACIONES TECNOLOGICAS  |2 CL-VaPUC  |9 319425 
650 7 |a UNIVERSIDADES SERVICIOS  |2 CL-VaPUC  |9 319426 
583 |a last modification  |c 20120117 11:15:25  |k Rodrigo Vera 
490 0 |a Serie Manuales I-D, 6 
999 |c 224097  |d 224095 
952 |0 0  |1 0  |4 0  |6 602_000000000000000_VRS_1989  |7 0  |8 ED_SUP  |9 220495  |a BIBGIM  |b BIBGIM  |c S_PSTGRDO  |d 2019-11-15  |i 4836448  |o 602 VRS 1989  |p 4836448  |r 2025-01-15  |w 2019-11-15  |y BK_X  |k ESU 
952 |0 0  |1 0  |4 0  |6 602_000000000000000_VRS_1989  |7 0  |8 ED_SUP  |9 220496  |a BIBGIM  |b BIBGIM  |c S_PSTGRDO  |d 2019-11-15  |i 4836456  |o 602 VRS 1989  |p 4836456  |r 2025-01-15  |w 2019-11-15  |y BK_X  |k ESU